[Event "Olympiad-45"]
[Site "Budapest"]
[Date "2024.09.22"]
[Round "11.2"]
[White "Kibrom, Weldegebriel Beraki"]
[Black "Veer, Gandhi"]
[Result "1-0"]
[WhiteElo "1885"]
[BlackElo "1792"]
[PlyCount "83"]
[EventDate "2024.09.11"]
[EventType "team-swiss"]
[EventRounds "11"]
[EventCountry "HUN"]
[SourceTitle "EXT 2025"]
[Source "ChessBase"]
[SourceDate "2024.10.14"]
[SourceVersion "1"]
[SourceVersionDate "2024.10.14"]
[SourceQuality "1"]
[WhiteTeam "Eritrea"]
[BlackTeam "Tanzania"]
[WhiteTeamCountry "ERI"]
[BlackTeamCountry "TAN"]

1. d4 d5 2. c4 e6 3. Nc3 Nf6 4. cxd5 exd5 5. Bg5 c6 6. Qc2 Be7 7. e3 a5 8. Bd3 h6 9. Bh4 0-0 10. Nge2 Re8 11. 0-0 Nbd7 12. f3 Nf8 13. e4 dxe4 14. fxe4 Ng4 15. Bxe7 Qxe7 16. Rf3 Ne6 17. h3 Nf6 18. Raf1 Qd8 19. d5 Ng5 20. R3f2 cxd5 21. exd5 Qd6 22. Nb5 Qe5 23. Nc7 Bxh3 24. Nxe8 Ng4 25. Rf4 Qe3+ 26. R1f2 Nxf2 27. Rxf2 Rxe8 28. Nf4 Bg4 29. d6 Qg3 30. Be2 Bxe2 31. d7 Rf8 32. Qxe2 Qh4 33. Ng6 Nh3+ 34. gxh3 Qg5+ 35. Rg2 Qc1+ 36. Kh2 Qc7+ 37. Ne5 Rd8 38. Kh1 Qc1+ 39. Rg1 Qf4 40. Rf1 Qg3 41. Rf3 Qh4 42. Nxf7 1-0

[Event "Addis Ababa zt 4.4"]
[Site "Addis Ababa"]
[Date "2022.05.08"]
[Round "9"]
[White "Kibrom, Weldegebriel Beraki"]
[Black "Ahmed Hassan, Ahmed"]
[Result "0-1"]
[WhiteElo "1820"]
[BlackElo "2136"]
[PlyCount "77"]
[EventDate "2022.05.02"]
[EventType "swiss"]
[EventRounds "9"]
[EventCountry "ETH"]
[SourceTitle "CBM 208 Extra"]
[Source "ChessBase"]
[SourceDate "2022.07.31"]
[SourceVersion "1"]
[SourceVersionDate "2022.07.31"]
[SourceQuality "1"]

1. d4 Nf6 2. c4 e6 3. Nc3 Bb4 4. Qc2 0-0 5. Nf3 d5 6. cxd5 exd5 7. Bg5 c5 8. dxc5 Nc6 9. e3 Re8 10. Be2 Be6 11. 0-0 Bxc5 12. a3 Rc8 13. Rfd1 Be7 14. Rac1 h6 15. Bh4 Qb6 16. Na4 Qd8 17. Qd3 g5 18. Bg3 Ne4 19. Qb5 Qd7 20. Nc3 Nxc3 21. Rxc3 Bf6 22. Rcc1 Red8 23. Bf1 Bg4 24. b4 Bb2 25. Rb1 Bg7 26. Be2 Bf5 27. Bd3 Bg4 28. Be2 Be6 29. Kh1 Qe7 30. Qa4 a6 31. b5 axb5 32. Qxb5 Rd7 33. a4 Ra8 34. Nd4 Bxd4 35. exd4 Qf6 36. Qb2 Rxa4 37. Ra1 Rb4 38. Qc3 Rd8 39. Bf3 0-1

[Event "Addis Ababa zt 4.4"]
[Site "Addis Ababa"]
[Date "2022.05.04"]
[Round "4"]
[White "Mohamed, Ali Dima"]
[Black "Kibrom, Weldegebriel Beraki"]
[Result "1-0"]
[WhiteElo "1542"]
[BlackElo "1820"]
[PlyCount "67"]
[EventDate "2022.05.02"]
[EventType "swiss"]
[EventRounds "9"]
[EventCountry "ETH"]
[SourceTitle "CBM 208 Extra"]
[Source "ChessBase"]
[SourceDate "2022.07.31"]
[SourceVersion "1"]
[SourceVersionDate "2022.07.31"]
[SourceQuality "1"]

1. d4 Nf6 2. Nf3 g6 3. Bf4 Bg7 4. e3 0-0 5. c3 b6 6. Bd3 Bb7 7. Nbd2 d6 8. Qc2 Nbd7 9. h4 c5 10. h5 cxd4 11. hxg6 fxg6 12. exd4 e5 13. dxe5 Nxe5 14. Nxe5 dxe5 15. Be3 Rc8 16. 0-0-0 Qe8 17. Bc4+ Bd5 18. Bxd5+ Nxd5 19. Qb3 Qf7 20. Bh6 Nf4 21. Ne4 Qxb3 22. axb3 Bxh6 23. Rxh6 Rcd8 24. Rdh1 Nh5 25. Ng5 Rxf2 26. g4 Ng3 27. R1h3 Ne2+ 28. Kb1 Rd7 29. Nxh7 a5 30. g5 Rd1+ 31. Kc2 Rg1 32. Nf6+ Kg7 33. Ne4 Nd4+ 34. Kd3 1-0

[Event "Africa-ch"]
[Site "Hammamet"]
[Date "2019.07.16"]
[Round "8"]
[White "Kibrom, Weldegebriel Beraki"]
[Black "Barbaria, Yacine"]
[Result "0-1"]
[WhiteElo "1781"]
[BlackElo "2210"]
[PlyCount "80"]
[EventDate "2019.07.09"]
[EventType "swiss"]
[EventRounds "9"]
[EventCountry "TUN"]
[SourceTitle "CBM 191 Extra"]
[Source "ChessBase"]
[SourceDate "2019.09.30"]
[SourceVersion "1"]
[SourceVersionDate "2019.09.30"]
[SourceQuality "1"]

1. d4 Nf6 2. c4 e6 3. Nf3 d5 4. Nc3 c6 5. e3 Nbd7 6. Bd3 Bd6 7. 0-0 dxc4 8. Bxc4 b5 9. Bd3 b4 10. Ne4 Nxe4 11. Bxe4 Bb7 12. Nd2 0-0 13. Nc4 Bc7 14. a3 Ba6 15. b3 Bxh2+ 16. Kxh2 Qh4+ 17. Kg1 Qxe4 18. axb4 Bb5 19. f3 Qh4 20. f4 Nb6 21. Qc2 Nd5 22. Bd2 f5 23. Rf3 Nf6 24. Be1 Qh5 25. Rh3 Qe8 26. Nd6 Qd7 27. Nxb5 cxb5 28. Qe2 Rfc8 29. Rf3 a6 30. Rf1 Qd5 31. Qd3 Ne4 32. Qb1 Rc6 33. Ra2 Rac8 34. Rb2 h6 35. Qa2 a5 36. g3 R8c7 37. Rg2 Qd6 38. g4 fxg4 39. Qe2 h5 40. Qd3 Qd5 0-1